Top wide recievers 2020 in NFL - Statistics

General Stats
  • This quiz has been taken 40 times
  • The average score is 17 of 30
Answer Stats
Hint Answer % Correct
4 KCC Tyreek Hill
100%
1 NOS Michael Thomas
91%
8 TBB Mike Evans
91%
6 GBP Davante Adams
85%
25 TNT A. J. Brown
82%
2 ARC DeAndre Hopkins
82%
3 ATF Julio Jones
82%
9 BFB Stefon Diggs
82%
10 DLC Amari Cooper
79%
5 TBB Chris Godwin
79%
11 LAC Keenan Allen
79%
7 CLB Odell Beckham Jr
79%
19 LAR Cooper Kupp
76%
17 MNV Adam Thielen
68%
15 PTS JuJu Smith-Schuster
68%
22 CRP D. J. Moore
62%
16 INC T. Y. Hilton
56%
20 ARC Larry Fitzgerald
53%
14 CHB Allen Robinson
47%
24 CNB A. J. Green
44%
18 CLB Jarvis Landry
44%
26 KCC Sammy Watkins
32%
27 MMD DeVante Parker
26%
12 STS DK Metcalf
26%
13 DTL Kenny Golladay
26%
30 NYG Golden Tate
15%
23 BLR Marquise Brown
6%
28CRP Robby Anderson
6%
29 CNB Tyler Boyd
6%
21 HST Will Fuller
0%
No matching quizzes found
Score Distribution
Percent of People with Each Score
Percentile by Number Answered
Your Score History
You have not taken this quiz